Lidová a praktická škola na eufonium a trombon B se zřetelem na samouky /

Hlavní autor: Pilát, František, 1874-1942
Jazyk: Čeština
Vydáno: Brno : Jaroslav Stožický, [1943?]
Vydání: 3. opr. vyd.
Fyzický popis: 53 s.
Hudebniny Hudebniny
Uloženo v:
LEADER 00745ncm a22002172a 4500
001 001136396
003 CZ BrMZK
005 20110124152019.0
007 qu
008 110124s1943 xr |||||||||||||||||cze d
040 |a BOA001  |b cze 
072 7 |a 788  |x Hudba pro dechové nástroje  |2 Konspekt  |9 9 
100 1 |a Pilát, František,  |d 1874-1942  |7 jx20090731005  |4 cmp 
245 1 0 |a Lidová a praktická škola na eufonium a trombon B  |h [hudebnina] :  |b se zřetelem na samouky /  |c Frant. Pilát 
250 |a 3. opr. vyd. 
260 |a Brno :  |b Jaroslav Stožický,  |c [1943?] 
300 |a 53 s. 
910 |a BOA001  |b Mus1-0170.680 
990 |a MU 
991 |b 201101 
996 6 |b 2619354857  |c Mus1-0170.680  |l MZK  |r Sklad / do 1 hodiny  |n 0  |w 001166278  |u 000010  |a 1  |e BOA001  |j MZK50  |s P